| Tag |
First Indicator |
Second Indicator |
Subfields |
| LEADER |
00000cam a2200000K 4500 |
| 001 |
in00003443321 |
| 005 |
20151206100709.0 |
| 008 |
890517s1957 tnua f000 0 eng d |
| 035 |
|
|
|a (OCoLC)ocm19720048
|
| 035 |
|
|
|a (OCoLC)19720048
|
| 040 |
|
|
|a AAA
|b eng
|c AAA
|d OCL
|d OCLCQ
|d FUG
|d OCLCF
|d UtOrBLW
|
| 049 |
|
|
|a TXAM
|
| 086 |
|
|
|a Y 3.At 7:22/AEC-TR-3433
|
| 090 |
|
|
|a QC770
|b .E4 1957
|
| 110 |
1 |
|
|a Egypt.
|b Atomic Energy Commission.
|
| 245 |
1 |
0 |
|a Report on the Egyptian Atomic Energy Commission for the year 1957 :
|b its creation, programs, and activities.
|
| 264 |
|
1 |
|a [Oak Ridge, Tenn.] :
|b [U.S. Atomic Energy Commission, Technical Information Service Extension],
|c [1957?]
|
| 300 |
|
|
|a 84 pages :
|b illustrations ;
|c 27 cm.
|
| 336 |
|
|
|a text
|b txt
|2 rdacontent
|
| 337 |
|
|
|a unmediated
|b n
|2 rdamedia
|
| 338 |
|
|
|a volume
|b nc
|2 rdacarrier
|
| 490 |
1 |
|
|a [Translation series] ;
|v AEC-tr-3433
|
| 650 |
|
0 |
|a Nuclear energy
|v Congresses.
|
| 650 |
|
7 |
|a Nuclear energy.
|2 fast
|0 (OCoLC)fst01039951
|
| 655 |
|
7 |
|a Conference proceedings.
|2 fast
|0 (OCoLC)fst01423772
|
| 830 |
|
0 |
|a Translation series (U.S. Atomic Energy Commission) ;
|v AEC-tr-3433.
|
| 830 |
|
0 |
|a Renaissance and Reformation texts in translation ;
|v AEC-tr-3433.
|
| 948 |
|
|
|a cataloged
|b h
|c 2014/5/9
|d c
|e mvaldespin
|f 10:41:23 am
|
| 994 |
|
|
|a C0
|b TXA
|
| 999 |
|
|
|a MARS
|
| 999 |
f |
f |
|s 706a4f64-466f-3544-93b5-b4a798c24dc9
|i d2730d42-0b3c-3903-afd2-9a80eadffa1d
|t 0
|
| 952 |
f |
f |
|p normal
|a Texas A&M University
|b College Station
|c Sterling C. Evans Library
|d Evans: US Documents (Annex 5th floor)
|t 0
|e Y 3.At 7:22/AEC-TR-3433
|h Superintendent of Documents classification
|i unmediated -- volume
|m A14839385515
|
| 998 |
f |
f |
|a Y 3.At 7:22/AEC-TR-3433
|t 0
|l Evans: US Documents (Annex 5th floor)
|